Quizzes
Events
Quiz Creation
Community
Videos
Private Events
Remove Ads
Sign In
Join for FREE
Feedback
Dark Mode
Quiz Categories
Sports
Geography
Music
Movies
Television
Just For Fun
Miscellaneous
History
Literature
Language
Science
Gaming
Entertainment
Religion
Holiday
For Kids
Quiz Lab
Recent
Popular Today
Quiz Kudos Today
Editor Picks
Curator Picks
Quizzes by...
Day
Popularity
Type
Ratings
Length
Year
Community
Subscriptions
Recent Discussions
Orange Saloon
Badges
Playlists
Quests
Create
Leaderboards
Showdown
Live 5
Trivia Bingo
Activity
Puzzle Library
Sporcle Events
Private Events
Virtual Trivia
Globe League
Become a Host
Pub Owners
SporcleCon
Opinionation
Our Games
Videos
Blog
Mobile Apps
Partnerships
Remove Ads and Go Orange
Feedback
Sports
Athletes
MLB
NBA
NHL
NFL
Soccer
Sports Teams
WWE
NCAA
Football
Premier League
Basketball
Baseball
Hockey
Golf
Tennis
Cricket
Rugby
Auto Racing
Olympics
World Cup
Sports
Athletes
MLB
NBA
NHL
NFL
Soccer
Sports Teams
WWE
NCAA
Football
Premier League
Basketball
Baseball
Hockey
Golf
Tennis
Cricket
Rugby
Auto Racing
Olympics
World Cup
Random Quiz
Search Sporcle
×
Quiz Lab
Quiz Lab
Sports
Golf
Type in answers that appear in a list
Type in answers that appear in a list
Classic
Best Score? Go Orange.
PGA Tour Winners 2010 Stats
Can you name the PGA Tour Winners from 2010?
By
JOwenAK
10m
40 Questions
154 Plays
154 Plays
154 Plays
Comments
Comments
Give Quiz Kudos
Give Quiz Kudos
-
- Ratings
hide this ad
Replay
Link that replays current quiz
Next Quiz
Link to next quiz in quiz playlist
You Got
0%
They Got
Avg Score
50%
Avg Friend Score
Upgrade to see
Score Distribution
Jump to the score distribution portion of the page
Score
0/40
Timer
10:00
0
Plays Today
Tournament
Golfer
% Correct
The Masters
Phil Mickleson
96.8%
AT&T Pebble Beach National ProAm
Dustin Johnson
85.1%
Crown Plaza Invitational
Zach Johnson
85.1%
BMW Championship
Dustin Johnson
85.1%
Transitions Championship
Jim Furyk
81.2%
Verizon Heritage
Jim Furyk
81.2%
The Tour Championship
Jim Furyk
81.2%
PGA Championship
Martin Kaymer
81.2%
Quail Hollow Championship
Rory McIlroy
79.2%
Travelers Championship
Bubba Watson
78.6%
US Open
Graeme McDowell
78.6%
Northern Trust Open
Steve Stricker
76.6%
John Deere Classic
Steve Stricker
76.6%
Arnold Palmer Invitational
Ernie Els
72.1%
Open Championship (British Open)
Louis Oosthuzen
70.1%
Memorial Tournament
Justin Rose
67.5%
AT&T National
Justin Rose
67.5%
St. Jude Classic
Lee Westwood
62.3%
The Barclays
Matt Kuchar
56.5%
Waste Management Phoenix Open
Hunter Mahan
52.6%
Tournament
Golfer
% Correct
Shell Houston Open
Anthony Kim
51.3%
HP Byron Nelson Championship
Jason Day
51.3%
SBS Championship
Geoff Ogilvy
48.1%
Bob Hope Classic
Bill Haas
44.2%
Viking Classic
BIll Haas
44.2%
Greenbrier Classic
Stuart Appleby
39.6%
Honda Classic
Camilo Villegas
37.7%
Sony Open
Ryan Palmer
31.2%
Deutsche Bank Championship
Charlie Hoffman
27.3%
Shriners Hospitals for Children Open
Jonathan Byrd
26.6%
Farmers Insurance Open
Ben Crane
22.1%
The Frys.com Open
Rocco Mediate
16.2%
McGladrey Classic at Sea Island
Heath Slocum
15.6%
Children's Miracle Network Classic
Robert Garrigus
13%
Wyndham Championship
Arjun Atwal
11.7%
RBC Canadian Open
Carl Petterson
11%
Zurich Classic
Jason Bohn
9.7%
Mayakoba Golf Classic
Cameron Beckman
6.5%
Puerto Rico Open
Derek Lamely
5.2%
Turning Stone Resort Championship
Bill Lunde
3.9%
Quiz Playlist
Details
Report
Send in Message
Add To Playlist
Classic:
Type in answers that appear in a list
Last Updated: Feb 16, 2017
Quiz Scoreboard
CHALLENGE
Sign Up to Join the Scoreboard
Show All
Scores
Hide
Comments
May contain spoilers
Recently Published
Pick 6: Fruits
by JohnFran
Miscellaneous
15s
Click the 1999 NBA Draft
by nibperrychub
Sports
2m
Alphabetical 'K' Countries by Flag Minefield
by ylime102
Geography
3m
More to Explore
Quiz From the Vault
Featured Blog Post
15 Basketball Trivia Facts You Can Be March Mad About
hide this ad
You Might Also Like...
Tags
Golf Quiz
PGA
Today's Top Quizzes in Sports
Browse Sports
hide this ad
Today's Top Quizzes in Golf
Browse Golf
Top Contributed Quizzes in Sports
1
Don't Strike Out: 3000 Strikeouts
2
MLB 2 truths and a lie: Hall of Fame pitchers
3
MLB Players with Two .350 Batting Average Seasons
4
Last 10 Members of the 500 HR Club in Order
5
Criteria MLB: Left Handed Sluggers
6
One Time Final Four Teams
7
Millionaire: NBA Finals Edition
8
MLB Teams by First Game
9
Pitchers With Multiple No-Hitters
10
Pick 6: NFL Teams
Explore More
Trending Topics
Harry Potter
NBA
Kpop
Disney
Marvel
Crossword
Anime
Pokémon
Soccer
Country
WWE
NFL
Song
Puzzle
The Office
hide this ad
More By:
JOwenAK
Quiz
Plays
Rating
Category
Featured
Created
Detroit Pistons Line-ups 1985-2010
831
2.56
Sports
May 16, 2011
Ring Magazine 3 time fighter of the year
362
Sports
Nov 23, 2013
MLB Total Bases Career
323
3.22
Sports
Aug 5, 2011
Condom or Wrestler
295
4.00
Just For Fun
Jun 26, 2016
PGA Tour Winners 2011
194
3.50
Sports
Jan 3, 2012
Go to Creator's Profile
Score Distribution
Quiz Creator Spotlight
JOwenAK
Follow
Send a Message
Quizzes Created
-
Created Quiz Play Count
-
More By This Creator
Popular Quizzes Today
1
Find the US States - No Outlines Minefield
2
Countries of Asia Without Outlines Minefield
3
Pick 6: Fruits
4
Alphabetical 'K' Countries by Flag Minefield
5
The Countries of the World
6
Click the 1999 NBA Draft
7
Match the Book to the Film X
8
Find the US States
More Sports Quizzes
NFL Post-Season Passing Leaders
Curator's Pick
Trending Quizzes
Pick 6: Harry Potter
Pick 6: Golfers
Donkey Kong Minefield
DC Extended Universe: Oldest to Newest
Multiplication Danger Zone
Recently Updated
Women's Final Four Teams by Year
bhenderson79
Presidents Quartet II
eogle
Anything But Clue(do)
eogle
Anything But Oceanian Capitals
eogle
Anything But 7
eogle
Anything But Thing
eogle
Word Ladder: February 29
pecheneg
Song Title Questions
pecheneg
Women's NCAA Tournament #1 Seeds
pecheneg
Celebrity Mug Shots
pecheneg
Trending Topics
NBA
Disney
Marvel
Harry Potter
Crossword
Anime
Kpop
Puzzle
Soccer
Pokémon
Song
Country
NFL
WWE
The Office
Your Account Isn't Verified!
In order to create a playlist on Sporcle, you need to verify the email address you used during registration. Go to your
Sporcle Settings
to finish the process.
Report this User
Report this user for behavior that violates our
Community Guidelines
.
Details:
Send Report
Go to the Sporcle.com Mobile Site →
Comments